000 00428nam a2200181Ia 4500
001 1318
005 20260306143719.0
008 260306t2001||||xx |||||||||||||| ||spa||
041 _aESP
082 _a193
_bS29S
100 _aSchopenhauer, Arthur
_eAUT
245 0 _aSobre la filosofía de universidad
260 _c2001
300 _a148 páginas :
_c18 cm.
650 _aGEN
654 _aCHU
942 _cLIB
_dJUS
_fJUS
_2ddc
_n
999 _c1318
_d1318